| 000 | 00772nam a2200253 a 4500 | ||
|---|---|---|---|
| 003 | DO-SdBNP | ||
| 005 | 20260202091016.0 | ||
| 007 | ta | ||
| 008 | 220602e2007 dr ||||gr|||| 001 0 spa d | ||
| 020 | _a2980123846 | ||
| 040 |
_aDO-SdBNP _bspa _cBNPHU |
||
| 082 | 4 |
_a158.2 _bP228p, 2007 _222 |
|
| 245 | 1 | 0 |
_aEs posible estar de acuerdo con los demás / _cLouis-Marie Parent. |
| 260 |
_aSanto Domingo : _bEdiciones MSC, _c2007. |
||
| 300 |
_a122 p. ; _c18 cm. |
||
| 490 | _aVoluntas Dei | ||
| 590 | _aInventariado, 2022/MFF | ||
| 650 | 0 |
_aRelaciones humanas _9606 |
|
| 650 | 4 |
_aComunicación interpersonal _921034 |
|
| 650 | 4 |
_aSuperación personal _910825 |
|
| 830 | 0 |
_aVoluntas Dei _lspa _981767 |
|
| 910 | _aMFeliz/Validado. Control de calidad MFF | ||
| 942 |
_2ddc _cLBS1 |
||
| 999 |
_c51910 _d51910 |
||